Central Library OPAC University of Rajshahi
Normal view MARC view

Entry Personal Name

Number of records used in: 2

001 - CONTROL NUMBER

  • control field: 8574

003 - CONTROL NUMBER IDENTIFIER

  • control field: BD-RjUL

005 - DATE AND TIME OF LATEST TRANSACTION

  • control field: 20230826103323.0

008 - FIXED-LENGTH DATA ELEMENTS

  • fixed length control field: 230826|| aca||aabn | a|a d

040 ## - CATALOGING SOURCE

  • Original cataloging agency: BD-RjUL
  • Transcribing agency: BD-RjUL

100 ## - HEADING--PERSONAL NAME

  • Personal name: At-Tabari of Abu Jafar Muhammad Ibn Jarir
  • Dates associated with a name: 839 AD (224 Hijri), 923 AD (310 Hijri)

670 ## - SOURCE DATA FOUND

  • Source citation: Work cat.: (BD-RjUL)81774: ইসলাম, মো. শফিকুল 904, আবু জাফর মুহাম্মদ ইবন জারীর আত-তাবারী :, ২০০৬